Statistics for Country Profiles

Click here to take the quiz!

General Stats

  • This quiz has been taken 90 times
    (56 since last reset)
  • The average score is 54 of 100

Answer Stats

HintAnswer% Correct
Closest country
100%
Name in their own languageCanada
100%
Closest country | Name in their own languageUnited States
98%
Leader (president)Donald Trump
95%
CapitalWashington, D.C
95%
Closest country
93%
CapitalBeijing
93%
Biggest city | CapitalBerlin
93%
Biggest cityNew York City
93%
What is the most populous US state?California
90%
Biggest city | CapitalMoscow
90%
CapitalOttawa
90%
Closest country
88%
Name in their own languageDeutschland
88%
Biggest city | CapitalMadrid
88%
Biggest city | CapitalTokyo
88%
Biggest cityToronto
88%
Closest country
85%
CapitalBrasília
85%
Biggest bordering country | Closest countryRussia
85%
Leader (president)Vladimir Putin
85%
Leader (Chancellor)Angela Merkel
80%
Name in their own languageBrasil
80%
Biggest bordering countryChina
80%
Name in their own languageEspaña
78%
Biggest islandHawai'i
78%
The Americans destroyed these cities in WWIIHiroshima
78%
Highest mountainMount Fuji
78%
Biggest citySão Paulo
78%
Illinois capital or Simpsons townSpringfield
78%
The Americans destroyed these cities in WWIINagasaki
76%
Longest riverAmazon
73%
Capital of CataloniaBarcelona
73%
Closest countryAustralia
71%
Leader (PM)Justin Trudeau
71%
CapitalWellington
68%
Leader (president)Xi Jinping
66%
Biggest cityAuckland
63%
Longest riverDanube
63%
Longest riverMissouri
63%
Longest riverYangtze
61%
Closest country
59%
Name in their own languageAotearoa / New Zealand
59%
Highest mountainDenali
59%
Biggest islandHonshu
56%
Biggest cityGuangzhou
54%
Biggest islandBaffin Island
51%
Indigenous peopleMāori
51%
Name in their own languageNippon or Nihon
51%
Biggest islandMajorca
49%
Highest mountainKibo
46%
Highest mountainMount Everest
46%
Biggest islandSouth Island
46%
Biggest island ( Taiwan )Hainan
41%
Far East peninsula, PetropavlovskKamchatka
41%
CapitalDodoma
39%
Westernmost oblastKaliningrad
39%
Name in their own languageTanzania
39%
Biggest islandZanzibar
39%
Biggest cityDar es Salaam
37%
Highest mountainMount Elbrus
37%
What you can see in the "Bernabéu"Real Madrid
37%
Canada's oldest national parkBanff
34%
Bavarian fairy-tale castleNeuschwanstein
34%
Location of the Terracotta ArmyXi'an
32%
Name in their own languageRossiya / Россия
29%
Highest mountainZugspitze
29%
LeaderKing Felipe VI
27%
2014 FIFA World Cup final stadiumEstádio do Maracanã
22%
Longest riverMackenzie River
22%
Best-known Tanzanian national parkSerengeti
22%
The uyghurs live in this regionXinjiang
22%
What "HH" means (on cars)Hamburg
20%
Biggest islandSakhalin
20%
"Polar Bear Capital of the World"Churchill
17%
Longest riverTagus
17%
Longest riverYenisei
17%
Highest mountainAoraki / Mt Cook
15%
Leader (Emperor)Emperor Akihito
15%
Highest mountainMount Logan
15%
Highest mountainPico del Teide
15%
Famous Rio mountainSugarloaf
15%
Longest riverCongo
12%
Name until 1919German East Africa
12%
Biggest islandRügen
12%
Name in their own languageZhōngguó / 中國 / 中国
12%
Leader (PM)Jacinda Ardern
10%
Capital of the Cook IslandsAvarua
5%
Biggest islandMarajó
5%
Leader (president)Michel Temer
5%
Highest mountainPico da Neblina
2%
Leader (president)John Magufuli
0%
Longest riverShinano River
0%
Longest riverWaikato River
0%

Score Distribution

Percentile by Number Answered

Percent of People with Each Score

Your Score History

You have not taken this quiz since the last reset